Geography Quiz

Random Geography or State Quiz

State Abbreviated Words Quiz Stats

Quiz Updated Feb 16, 2012

Challenge
Share
Tweet
Embed
Score 0/24 Timer 04:00
1 Play Today
Cities Word % Correct
Denver, Chicagocoil
97.7%
Boston, Buffalomany
97%
Little Rock, Boisearid
87.2%
Green Bay, Omahawine
72.7%
Pittsburgh, Hartfordpact
72%
Savannah, Augustagame
72%
Anchorage, Indianapolisakin
71.8%
New Orleans, Norfolklava
68.1%
Philadelphia, Allentownpapa
60.6%
South Bend, Louisvilleinky
59.8%
Kilauea, Bismarckhind
57%
Mobile, Erie, Sacramentoalpaca
54.4%
Cities Word % Correct
Tacoma, Evanstonwail
47.8%
Tuscaloosa, St. Louis, Fargoalmond
45.4%
Eugene, Dover, Montgomeryordeal
44.9%
Myrtle Beach, Provoscut
44.5%
Fort Collins, Tulsacook
42.4%
Irvine, Baton Rouge, Worcester, Providencecalamari
37.9%
Pensacola, Ketchikanflak
37.7%
Scranton, Columbia, Auburnpascal
34.9%
Cambridge, Gary, Shreveport, Grand Forksmainland
33.2%
Kansas City, Wilmington, Biloximodems
28.1%
Bangor, Independence, Warwick, Huntsvillememorial
21%
Fayetteville, Salinas, Lincolnarcane
17.6%

You're not logged in!

Compare scores with friends on all Sporcle quizzes.
Sign Up with Email
OR
Log In

You Might Also Like...

Show Comments

Extras

Top Quizzes Today


Score Distribution

Your Account Isn't Verified!

In order to create a playlist on Sporcle, you need to verify the email address you used during registration. Go to your Sporcle Settings to finish the process.